Detalles MARC
| 000 -CABECERA |
| campo de control de longitud fija |
00800nam a2200193 a 4500 |
| 001 - NÚMERO DE CONTROL |
| campo de control |
000031484 |
| 005 - FECHA Y HORA DE LA ÚLTIMA TRANSACCIÓN |
| campo de control |
20240409073643.0 |
| 008 - DATOS DE LONGITUD FIJA--INFORMACIÓN GENERAL |
| campo de control de longitud fija |
110627t1938 dr c 001 0dspa d |
| 040 ## - FUENTE DE LA CATALOGACIÓN |
| Centro catalogador/agencia de origen |
DO-SdBNP |
| Lengua de catalogación |
spa |
| Centro/agencia transcriptor |
BNPHU |
| 082 ## - NÚMERO DE LA CLASIFICACIÓN DECIMAL DEWEY |
| Número de clasificación |
F-RD 59 |
| 049 ## - FONDOS LOCALES (OCLC) |
| Fondos de biblioteca |
BNPD |
| 100 1# - ENTRADA PRINCIPAL--NOMBRE DE PERSONA |
| Nombre de persona |
Oliva, Sofía V. |
| 9 (RLIN) |
57874 |
| 245 10 - MENCIÓN DE TÍTULO |
| Título |
Trujillo, antorcha de progreso : |
| Resto del título |
aspectos de su obra espiritual / |
| Mención de responsabilidad, etc. |
Sofía V. Oliva. |
| 260 ## - PUBLICACIÓN, DISTRIBUCIÓN, ETC. |
| Lugar de publicación, distribución, etc. |
Ciudad Trujillo, República Dominicana : |
| Nombre del editor, distribuidor, etc. |
Imprenta P. A. Gómez, |
| Fecha de publicación, distribución, etc. |
1938. |
| 300 ## - DESCRIPCIÓN FÍSICA |
| Extensión |
50 p. : |
| Otras características físicas |
retrs. ; |
| Dimensiones |
22 cm. |
| 505 0# - NOTA DE CONTENIDO CON FORMATO |
| Título |
Pase adelante / |
| Mención de responsabilidad |
Germán Soriano -- |
| Título |
Trujillo, antorcha de progreso / |
| Mención de responsabilidad |
Sofía V. Oliva -- |
| Título |
Semblanza del Generalísimo / |
| Mención de responsabilidad |
Ángel S. del Soriano Pérez. |
| 600 10 - PUNTO DE ACCESO ADICIONAL DE MATERIA--NOMBRE DE PERSONA |
| Nombre de persona |
Trujillo Molina, Rafael Leónidas, |
| Fechas asociadas al nombre |
1891-1961 |
| 9 (RLIN) |
76764 |
| 910 ## - DATOS DE OPCIÓN DEL USUARIO (OCLC) |
| Datos de opción del usuario |
Validado. Control de calidad EMS. |